Solo lo maravilloso es bello (Record no. 10867)

MARC details
000 -CABECERA
campo de control de longitud fija 01537nam a22003497a 4500
001 - NÚMERO DE CONTROL
campo de control BRCA_9248
003 - IDENTIFICADOR DEL NÚMERO DE CONTROL
campo de control FranzMayer
005 - FECHA Y HORA DE LA ÚLTIMA TRANSACCIÓN
campo de control 20230717135500.0
008 - DATOS DE LONGITUD FIJA--INFORMACIÓN GENERAL
campo de control de longitud fija 230712b |||||||| |||| 00| 0 eng d
020 ## - NÚMERO INTERNACIONAL ESTÁNDAR DEL LIBRO
Número Internacional Estándar del Libro 9786076057216
040 ## - FUENTE DE LA CATALOGACIÓN
Centro catalogador/agencia de origen MFM
Lengua de catalogación esp
Centro/agencia transcriptor MFM
041 ## - CÓDIGO DE LENGUA
Código de lengua del texto/banda sonora o título independiente esp
050 #0 - SIGNATURA TOPOGRÁFICA DE LA BIBLIOTECA DEL CONGRESO
Número de clasificación NX456.5.S8
Número de documento/Ítem S43 2022
110 1# - ENTRADA PRINCIPAL--NOMBRE DE ENTIDAD CORPORATIVA
Nombre de entidad corporativa o nombre de jurisdicción como elemento de entrada Secretaria de Cultura
Unidad subordinada Museo Palacio de Bellas Artes
9 (RLIN) 28646
240 1# - TÍTULO UNIFORME
Título uniforme Solo lo maravilloso es bello: Surrealismo en diálogo
245 0# - MENCIÓN DE TÍTULO
Título Solo lo maravilloso es bello
Resto del título Surrealismo en diálogo
260 ## - PUBLICACIÓN, DISTRIBUCIÓN, ETC.
Lugar de publicación, distribución, etc. CDMX
Nombre del editor, distribuidor, etc. Secretaria de Cultura
Fecha de publicación, distribución, etc. 2022
300 ## - DESCRIPCIÓN FÍSICA
Extensión 589 p
Otras características físicas ilustraciones
Dimensiones 31 cm
500 ## - NOTA GENERAL
Nota general L60/N4
505 0# - NOTA DE CONTENIDO CON FORMATO
Nota de contenido con formato Traducción de: Oswaldo Hernández TrujilloTraducción de: Adriana Huerta NúñezTitulo del lomo: Solo lo maravilloso es bello. Surrealismo en diálogosTexto en: españolDestinado a: artistas, historiadores, sociólogos, museógrafosIncluye índice (temático)
610 1# - PUNTO DE ACCESO ADICIONAL DE MATERIA--NOMBRE DE ENTIDAD CORPORATIVA
Nombre de entidad corporativa o nombre de jurisdicción como elemento de entrada Secretaria de cultura
Unidad subordinada Museo del Palacio de Bellas Artes
9 (RLIN) 28647
650 2# - PUNTO DE ACCESO ADICIONAL DE MATERIA--TÉRMINO DE MATERIA
Fuente del encabezamiento o término Arte en general
Término de materia o nombre geográfico como elemento de entrada Surrealismo
Subdivisión de forma Siglo 20
9 (RLIN) 28830
651 2# - PUNTO DE ACCESO ADICIONAL DE MATERIA--NOMBRE GEOGRÁFICO
Fuente del encabezamiento o término Europa
Nombre geográfico Latinoamérica
9 (RLIN) 28831
700 1# - PUNTO DE ACCESO ADICIONAL--NOMBRE DE PERSONA
Código de función/relación Coor.
Nombre de persona Fernández Félix, Miguel
9 (RLIN) 28648
700 1# - PUNTO DE ACCESO ADICIONAL--NOMBRE DE PERSONA
Código de función/relación Inv.
Nombre de persona Sánchez Ayala Lizbeth
9 (RLIN) 28649
700 1# - PUNTO DE ACCESO ADICIONAL--NOMBRE DE PERSONA
Código de función/relación Trad.
Nombre de persona Hernández Trujillo, Oswaldo
9 (RLIN) 28650
700 1# - PUNTO DE ACCESO ADICIONAL--NOMBRE DE PERSONA
Código de función/relación Trad.
Nombre de persona Huerta Nuñez, Adriana
9 (RLIN) 28651
700 1# - PUNTO DE ACCESO ADICIONAL--NOMBRE DE PERSONA
Código de función/relación Trad.
Nombre de persona Ramos García, Andrés
9 (RLIN) 28652
710 1# - PUNTO DE ACCESO ADICIONAL--NOMBRE DE ENTIDAD CORPORATIVA
Nombre de entidad corporativa o nombre de jurisdicción como elemento de entrada Secretaria de Cultura
Unidad subordinada Museo del Palacio de Bellas Artes
9 (RLIN) 28653
710 1# - PUNTO DE ACCESO ADICIONAL--NOMBRE DE ENTIDAD CORPORATIVA
Nombre de entidad corporativa o nombre de jurisdicción como elemento de entrada Museo Boijmans van Beuningen
9 (RLIN) 28654
942 ## - ELEMENTOS DE PUNTO DE ACCESO ADICIONAL (KOHA)
Fuente del sistema de clasificación o colocación Library of Congress Classification
Tipo de ítem Koha Libros
Holdings
Estado de retiro Estado de pérdida Fuente del sistema de clasificación o colocación Estado dañado No para préstamo Código de colección Localización permanente Ubicación/localización actual Fecha de adquisición Fuente de adquisición Total de préstamos Signatura topográfica completa Código de barras Fecha visto por última vez Número de copia Precio válido a partir de Tipo de ítem Koha
El ejemplar forma parte de la colección y puede ser consultado según las políticas vigentes.   Library of Congress Classification     Fondo Contemporáneo Biblioteca del Museo Franz Mayer (Rogerio Casas-Alatriste) Biblioteca del Museo Franz Mayer (Rogerio Casas-Alatriste) 12/07/2023 Donación   NX456.5.S8 S43 2022 CONT10042 12/07/2023 2 12/07/2023 Libros
El ejemplar forma parte de la colección y puede ser consultado según las políticas vigentes.   Library of Congress Classification     Fondo Contemporáneo Biblioteca del Museo Franz Mayer (Rogerio Casas-Alatriste) Biblioteca del Museo Franz Mayer (Rogerio Casas-Alatriste) 12/07/2023 Donación   NX456.5.S8 S43 2022 CONT10043 12/07/2023 1 12/07/2023 Libros